000 00951nam a2200253Ia 4500
005 20240530110903.0
008 140319s9999 xx 000 0 ara d
017 _bمصر. دار الكتب
040 _aGCL /
_cGCL
082 0 4 _221
_a307.12
_bح ت
100 0 _aحسين عبدالحميد احمد رشوان
245 1 2 _aالتخطيط مدخل اقتصادى اجتماعى /
_cحسين عبدالحميد احمد رشوان
250 _aالاولى
260 _aالاسكندرية :
_bمؤسسة شباب الجامعة ،
_c2010
300 _a301 ص. ؛
_c24 سم.
490 0 _aسلسلة علم الاجتماع ؛
_vالكتاب رقم 76
650 0 7 _aالتنمية الاقتصادية
_2qrmak
650 0 7 _aتخطيط
_2qrmak
650 0 7 _aتخطيط المدن
650 0 7 _aالتخطيط الاجتماعى
_2qrmak
651 _2qrmak
942 _2ddc
_cBK
999 _c66168
_d66168